| 000 | 00725nam a2200217Ii 4500 | ||
|---|---|---|---|
| 003 | JO-AjNU | ||
| 008 | 230605s9999||||xx |||||||||||||| ||und|| | ||
| 017 | _a2004/4/850 | ||
| 040 |
_aJO-AjNU _bara _erda _cJO-AjNU |
||
| 041 | _aara | ||
| 050 | 1 | 4 | _aBF721.W336.2004 |
| 100 | 3 |
_aالوحش،مي محمد موسى/اعداد, _eauthor _921744 |
|
| 245 | 0 | 0 | _a300نصيحة للعناية بالطفل |
| 250 | _aط1 | ||
| 264 | 3 | 1 | _aعمان:دار الاسراء للنشر والتوزيع ،2004 |
| 300 | _a80ص | ||
| 336 |
_atext _btxt _2rdacontent |
||
| 337 |
_aunmediated _bn _2rdamedia |
||
| 338 |
_avolume _bnc _2rdacarrier |
||
| 650 | 4 |
_aرعاية الطفولة-الخدمات الصحية-الاطفال _921745 |
|
| 999 |
_aA7605 _c11173 _d11173 |
||